000 00286nam a22001337a 4500
008 171005b xxu||||| |||| 00| 0 eng d
020 _a9780495170389
041 _aeng
080 _2 7TH
_a159.9
100 _a49
101 _aPSI
245 _aPSYCHOLOGY
_cWEITEN,W
942 _2udc
_cBK
999 _c32011
_d32011